|
|
|
|
| LEADER |
00000cam a2200000 7i4500 |
| 001 |
0000006282 |
| 002 |
000006783 |
| 005 |
20000721.0 |
| 020 |
|
|
|a 9679784118
|
| 090 |
0 |
0 |
|a 332.742
|b PAN
|
| 100 |
1 |
|
|a Pang, Johnson Yok
|
| 245 |
1 |
0 |
|a Documentary credits (Letters of Credit) and collection for the export and import trade
|c Johnson Pang
|
| 260 |
|
|
|a P.Jaya :
|b Pelanduk Publications ,
|c 1992
|
| 300 |
|
|
|a 235p. ;
|c 21cm.
|
| 650 |
0 |
0 |
|a Documentary credit
|
| 999 |
|
|
|a 087250
|b BUKU
|c PINJAMAN
|e PERPUSTAKAAN KOMUNITI PETALING JAYA
|
| 999 |
|
|
|a 087251
|b BUKU
|c PINJAMAN
|e PERPUSTAKAAN KOMUNITI PETALING JAYA
|